| 000 | 00504nam a2200181Ia 4500 | ||
|---|---|---|---|
| 005 | 20250508152032.0 | ||
| 008 | 008 250505s9999 xx 000 0 eng d | ||
| 037 | _aBooks to be hide in OPAC | ||
| 040 |
_aFEDL _beng _cFEDL |
||
| 041 |
_aeng _2eng |
||
| 084 |
_a379.14, BUR/O _qFEDL |
||
| 245 | 0 | _aEducation code Burma | |
| 250 | _a7th | ||
| 260 |
_aRangoon _bThe Supritendent Government Printing _c1915 |
||
| 300 | _a224p. | ||
| 942 |
_cHB _h379.14, BUR/O |
||
| 999 |
_c1333814 _d1333814 |
||